000 00329pab a2200133 454500
008 180718b1984 xxu||||| |||| 00| 0 eng d
245 _aTaxation Laws (Amendment) Act, 1984
260 _c1984
300 _a225-6
362 _aOct.
650 _aTaxation - Legislation - India
773 _aChartered Accountant
909 _a19030
999 _c19030
_d19030